Nástroj konkurenčnej výhody: imidž

Imidž, jeho význam, podstata a definícia. Klasifikácia jednotlivých druhov imidža. Vlastnosti, nositelia, funkcie, analýza imidža.

Na minha lista:
Detalhes bibliográficos
Autor principal: Bzdúšek, Ivan
Formato: Capítulo de Livro
Idioma:eslovaco
Assuntos:
Tags: Adicionar Tag
Sem tags, seja o primeiro a adicionar uma tag!

MARC

LEADER 00000naa$a2200000$$$4500
001 0124553
005 20240502072417.6
041 0 |a slo 
044 |a SK 
245 1 0 |a Nástroj konkurenčnej výhody: imidž  |c Ivan Bzdúšek 
520 |a Imidž, jeho význam, podstata a definícia. Klasifikácia jednotlivých druhov imidža. Vlastnosti, nositelia, funkcie, analýza imidža. 
610 2 0 |a imidž 
610 2 0 |a definície 
610 2 0 |a analýzy 
100 1 |a Bzdúšek, Ivan